Statistics for Deserts in Europe

Click here to take the quiz!

General Stats

  • This quiz has been taken 9 times
  • The average score is 1 of 9

Answer Stats

LocationDesert% Correct
SpainTabernas Desert
56%
SerbiaDeliblatska Peščara
22%
PolandBłędów Desert
11%
SpainMonegros Desert
11%
France, SwitzerlandHigh Alps
11%
ItalyAccona Desert
0%
SpainBardenas Reales
0%
SpainCabo de Gata-Níjar Natural Park
0%
IcelandHighlands of Iceland
0%

Score Distribution

Percentile by Number Answered

Percent of People with Each Score

Your Score History

You have not taken this quiz